000 00803nam a2200253 4500
003 LK-CoMWRAF
005 20231120094159.0
008 230821b2001 |||||||| |||| 00| 0 eng d
020 _a0767417488
040 _aLK-CoMWRAF
_dLK-CoMWRAF
_eLK-CoMWRAF
041 _aeng
082 _a372.86
_bGRA
100 _aGraham, George
245 _aChildren moving:
_ba reflective approach to teaching physical education
260 _aCalifornia:
_bMayfield,
_c2001
300 _axxvi, 707 p. : ill. ; 29 cm.
490 _a5th ed.
650 _aPHYSICAL EDUCATION FOR CHILDREN-STUDY AND TEACHING
650 _aPhysical education for children--Curricula--United States.
650 _aMovement education--United States.
700 _aHolt/Hale, Shirley Ann
700 _aParker, Melissa
942 _cBK
999 _c3240
_d3240